01446cas a22003977a 450000500170000000800410001701000100005801100100006802200140007803500100009224501120010226001020021430000070031631000100032336200180033359000410035159000410039259000410043359000420047465000700051665000520058686600220063886600420066086600420070286600420074486600420078686600420082886600220087086600400089286600250093286600230095786600210098090100070100190500230100899900170103120231010062647.0990316c1990 cr ar pernn 0 0b1spa d a77275 a782470 a1021-7444 a8812200aAgronomía Mesoamericanac/por Programa Cooperativo Centroamericano de Mejoramiento de Cultivos y Animales0 aAlajuela, C.R. :bUniversidad de Costa Rica. Estación Experimental Fabio Baudrit Moreno,c1990- av. aAnual1 av.9 n.1, 1998 aBATCH-UPDb10c20130110lUCH01h0213 aBATCH-UPDb10c20130409lUCH01h2229 aBATCH-UPDb10c20130913lUCH01h1957 aCONVERSIONb10c20130109lUCH01h134314aAgriculturaxAmérica CentralxPublicaciones periódicas.9118517aAgriculturaxPublicaciones periódicas291772 av. 10 n. 1 (1999) av. 13 n. 1 (2002) - v. 15 n. 3 (2004) av. 16 n. 1 (2005) - v. 16 n. 2 (2005) av. 17 n. 1 (2006) - v. 17 n. 3 (2006) av. 18 n. 1 (2007) - v. 18 n. 2 (2007) av. 19 n. 1 (2008) - v. 20 n. 2 (2009) av. 21 n. 1 (2010) av. 9 n. 1 (1998) - v. 9 n. 2 (1998) av.4 -6 - (1993-1995) av.7 n.1-2 - (1996) av.8 n.2 - (1997) aSE aLilia Sánchez G. c77275d77275